=LDR 00000nam 2200000 4500 =001 INLIS000000000022278 =005 20200311101444 =035 ##$$a 0010-061300000022278 =008 200311################g##########0#ind## =041 ##$$a Ind =082 ##$$a 268.09 =090 ##$$a 268.09, Boe s =100 1#$$a Boehlke, Robert R =245 1#$$a Sejarah perkembangan pikiran dan praktek pendidikan agama kristen /$c Robert R Boehlke, Ph.D =260 ##$$a Jakarta :$b Gunung Mulia,$c 1991 =300 ##$$a xvii, 495 hlm. : $b Ilus. ; $c 14 x 21 cm =650 #4$$a Agama Kristen =850 ##$$a NBPNMAT =084 ##$$a 268.09 BOE s =020 ##$$a 979-415-585-3 =250 ##$$a Cet. 1 =990 ##$$a 0338/BPAP-NTB/2015 =990 ##$$a 0001/BPAP-NTB/2016 =990 ##$$a 61.491 pro.93 =990 ##$$a 37.347/Pb.91 =990 ##$$a 0338/BPAP-NTB/2015 =990 ##$$a 61.491 pro.93 =990 ##$$a 61.471 pro.93 =990 ##$$a 0338/BPAP-NTB/2015 =990 ##$$a 37.347/Pb.91 =990 ##$$a 61.470/pro.93 =990 ##$$a 37.347/Pb.91 =990 ##$$a 61.471 pro.93 =990 ##$$a 04450445 =990 ##$$a 61.473/pro.93 =990 ##$$a 61.470/pro.93 =990 ##$$a 37.347/Pb.91 =990 ##$$a 61.471 pro.93 =990 ##$$a 61.473/pro.93 =990 ##$$a 61.470/pro.93 =990 ##$$a 37.347/Pb.91 =990 ##$$a 61.471 pro.93